|
|
|
|
| LEADER |
01495nam a22003614a 4500 |
| 001 |
38517 |
| 003 |
BD-DhAAL |
| 005 |
20220426145923.0 |
| 008 |
220426t2005 dcua b 001 0 eng |
| 999 |
|
|
|c 44145
|d 44145
|
| 010 |
|
|
|a 2005043404
|
| 020 |
|
|
|a 9780821360408 (pbk.)
|
| 020 |
|
|
|a 082136040X (pbk.)
|
| 020 |
|
|
|a 0821361686 (eISBN)
|
| 040 |
|
|
|a DLC
|c DLC
|d DLC
|d BD-DhAAL
|
| 042 |
|
|
|a pcc
|
| 050 |
0 |
0 |
|a HD7105.3
|b .H65 2005
|
| 082 |
0 |
0 |
|a 331.252
|2 22
|
| 100 |
1 |
|
|a Holzmann, Robert.
|9 48276
|
| 245 |
1 |
0 |
|a Old-age income support in the 21st century :
|b an international perspective on pension systems and reform /
|c Robert Holzmann, Richard Hinz ; together with Hermann von Gersdorff ... [et al.].
|
| 260 |
|
|
|a Washington, DC :
|b World Bank,
|c c2005.
|
| 300 |
|
|
|a ix, 232 pages :
|b illustrations ;
|c 23 cm.
|
| 504 |
|
|
|a Includes bibliographical references (p. 195-214) and index.
|
| 541 |
|
|
|a Donated by Akbar Ali Khan
|e 38517
|
| 650 |
|
0 |
|a Old age pensions
|x Government policy.
|9 48277
|
| 650 |
|
0 |
|a Aging
|x Economic aspects
|x Government policy.
|9 48278
|
| 650 |
|
0 |
|a Income maintenance programs.
|9 48279
|
| 650 |
|
0 |
|a Social security.
|9 48280
|
| 700 |
1 |
|
|a Hinz, Richard P.
|9 48281
|
| 700 |
1 |
|
|a Gersdorff, Hermann von.
|9 48282
|
| 852 |
|
|
|a Ayesha Abed Library
|c Akbar Ali Khan Collection
|
| 942 |
|
|
|2 ddc
|c BK
|
| 952 |
|
|
|0 0
|1 0
|2 ddc
|4 0
|6 331_252000000000000_HOL
|7 1
|9 70567
|a BRACUL
|b BRACUL
|c AAKC
|d 2022-04-26
|e Donated by Akbar Ali Khan
|l 0
|o 331.252 HOL
|p 3010038517
|r 2022-04-26
|t 1
|w 2022-04-26
|y BK
|